03686cam a22004094i 4500003000900000005001700009008004100026020004700067035002700114040004300141050001700184082002300201130004000224245013400264264007700398300003800475336002100513337002500534338002300559504005300582505239300635526001003028526001003038526001003048526001003058526000803068526000803076526000803084526000803092526000803100526000803108526000803116650004503124700003203169700004003201700003503241PE-LiUPU20250731172835.0150827s2013 miu rb 001 0 eng d a9780802827395q(v. 1 : cloth : alk. paper) a(Sirsi) i9780802827395 aDLCbspaerdacDLCdDLCdPE-LiUPUerda00aBS1692b201304a229.91052bB462230 aBible.pApocrypha.lEnglish.f2013.10aOld Testament pseudepigrapha :bmore noncanonical scriptures /cedited by Richard Bauckham, James R. Davila, Alexander Panayotov. 1aGrand Rapids, Michigan :bWilliam B. Eerdmans Publishing Company,c2013. a2 volúmenes ;c25 centímetros atext2rdacontent aunmediated2rdamedia avolume2rdacarrier aIncluye referencias bibliográficas e índice.00gVolumen 1.tPART I : TEXTS ORDERED ACCORDING TO BIBLICAL CHRONOLOGY -- Adam Octopartite/Septipartite / Grant Macaskill with Eamon Greenwood -- The life of Adam and Eve (Coptic fragments) / Simon J. Gathercole -- The book of the covenant / Janes VanderKam -- The Apocryphon of Seth / Alexander Toepel -- The book of Noah / Martha Himmelfarb -- The Apocryphon of Eber / James VanderKam -- The dispute over Abraham / Richard Bauckham -- The inquiry of Abraham (a possible allusion to the Apocalypse of Abraham) / Richard Bauckham -- The story of Melchizedek with the Melchizedek legend from the Chronicon paschale / Pierluigi Piovanelli -- The Syriac history of Joseph / Kristian S. Heal -- Aramaic Levi / James R. Davila -- Midrash Vayissa'u / Martha Himmelfarb -- The testament of Job (Coptic fragments) / Gesa Schenke -- The Tiburtine Sibyl (Greek) / Riuwerd Buitenwerf -- The eighth book of Moses / Todd E. Klutz -- The Balaam text from Tell Deir 'Alla / Edward M. Cook -- Eldad and Modad / Richard Bauckham -- Songs of David / G.W. Lorein and E. Van Staalduine-Sulman -- The Aramaic song of the lamb (the dialogue between David and Goliath) / C.T.R. Hayward -- Exorcistic Psalms of David and Solomon / Gideon Bohak -- The selenodromion of David and Solomon / Pablo A. Torijiano -- The hydromancy of Solomon / Pablo A. Torijiano -- Questions of the Queen of Sheba and answers by King Solomon / Vahan S. Hovhanessian and Sebastian P. Brock -- The nine and a half tribes / Richard Bauckham -- The heartless rich man and the precious stone / William Adler -- Jeremiah's prophecy to Pashhur / Darrell D. Hannah -- The Apocryphon of Ezekiel / Benjamin G. Wright III -- The treatise of the vessels (Massekhet Kelim) / James R. Davila -- The seventh vision of Daniel / Sergio La Porta -- A Danielic pseudepigraphon paraphrased by Papias / Basil Lourie -- The relics of Zechariah and the boy buried at his feet / William Adler -- Sefer Zerubbabel : the prophetic vision of Zerubbabel ben Shealtiel / John C. Reeves -- Fifth Ezra / Theodore A. Bergren -- Sixth Ezra / Theodore A. Bergren -- The Latin vision of Ezra / Richard Bauckham. PART II : THEMATIC TEXTS -- The caves of treasures / Alexander Toepel -- Palaea historica ("the Old Testament history") / William Adler -- Quotations from lost books in the Hebrew bible / James R. Davila -- Hebrew visions of hell and paradise / Helen Spurling. aSEG42 aSEG41 aSEG40 aSEG39 aP94 aP87 aP86 aP85 aP77 aP76 aP35 0aLibros apócrifos (Antiguo Testamento).1 aBauckham, Richard,eeditor.1 aDavila, James R.,d1960- ,eeditor.1 aPanayotov, Alexander,eeditor.